<?xml version="1.0" encoding="UTF-8"?>
<record
    xmlns:xsi="http://www.w3.org/2001/XMLSchema-instance"
    xsi:schemaLocation="http://www.loc.gov/MARC21/slim http://www.loc.gov/standards/marcxml/schema/MARC21slim.xsd"
    xmlns="http://www.loc.gov/MARC21/slim">

  <leader>02258nam a2200205 a 4500</leader>
  <controlfield tag="008">180515e2005    ag ||||e |||| 00| f spa d</controlfield>
  <datafield tag="020" ind1=" " ind2=" ">
    <subfield code="a">9789501201727</subfield>
  </datafield>
  <datafield tag="041" ind1=" " ind2=" ">
    <subfield code="a">spa</subfield>
  </datafield>
  <datafield tag="092" ind1=" " ind2=" ">
    <subfield code="c">808</subfield>
    <subfield code="l">17</subfield>
    <subfield code="s">DOT</subfield>
  </datafield>
  <datafield tag="100" ind1="1" ind2=" ">
    <subfield code="a">Dotto, Jorge</subfield>
    <subfield code="9">4181</subfield>
  </datafield>
  <datafield tag="245" ind1=" " ind2=" ">
    <subfield code="a">Gen&#xE9;tica.</subfield>
    <subfield code="b">C&#xF3;mo puede cambiar nuestras vidas /</subfield>
    <subfield code="c">Jorge Dotto</subfield>
  </datafield>
  <datafield tag="250" ind1=" " ind2=" ">
    <subfield code="a">1a ed.</subfield>
  </datafield>
  <datafield tag="260" ind1=" " ind2=" ">
    <subfield code="a">Buenos Aires:</subfield>
    <subfield code="b">Paid&#xF3;s;</subfield>
    <subfield code="c">2014.</subfield>
  </datafield>
  <datafield tag="300" ind1=" " ind2=" ">
    <subfield code="a">416 p.</subfield>
    <subfield code="c">21x13 cm.</subfield>
  </datafield>
  <datafield tag="500" ind1=" " ind2=" ">
    <subfield code="a">Dotto, J. (2014). Gen&#xE9;tica. C&#xF3;mo puede cambiar nuestras vidas. (1a ed.). Buenos Aires : Paid&#xF3;s.</subfield>
  </datafield>
  <datafield tag="505" ind1=" " ind2=" ">
    <subfield code="a">&#xBF;Cu&#xE1;l es tu origen &#xE9;tnico?&#xBF;Somos todos africanos?&#xBF;Qu&#xE9; determina que una persona tenga cabello negro y ondulado, y otra rubio y lacio?&#xBF;La infidelidad puede ser gen&#xE9;tica?&#xBF;C&#xF3;mo hizo Usain Bolt para ser el m&#xE1;s r&#xE1;pido del mundo?&#xBF;Existe un gen de la felicidad?&#xBF;Por qu&#xE9; tengo m&#xE1;s arrugas que otras mujeres de mi edad?&#xBF;Para qu&#xE9; sirve la epigen&#xE9;tica?Los gemelos...&#xA1;&#xBF;Son clones?! &#xBF;Puedo conocer mis genes con una muestra de saliva?Si tomo caf&#xE9;, &#xBF;Voy a atener mejor memoria?&#xBF;Los alimentos que consumimos est&#xE1;n modificados gen&#xE9;ticamente?&#xBF;Es cierto que tomar una copa de vino tinto act&#xFA;a positivamente en el gen de la longevidad?&#xBF;Influyen en los genes la meditaci&#xF3;n?
Todas estas cuestiones est&#xE1;n relacionadas con los genes, pero no por ello los genes nos determinan. En absoluto. Los seres humanos podemos, en forma voluntaria, modificar aquello que est&#xE1; gen&#xE9;ticamente programado en nuestro cuerpo. "Epigen&#xE9;tica" significa que factores ambientales como la alimentaci&#xF3;n, el estr&#xE9;s y ciertos productos t&#xF3;xicos como el tabaco afectan la expresi&#xF3;n de nuestros genes sin alterar el genoma humano.Eso demuestra que estamos predispuestos por los genes heredados de nuestros padres biol&#xF3;gicos y por carga gen&#xE9;tica familiar de nuestros ancestros, pero tambi&#xE9;n que medio ambiente permite que algunos genes se expresen y otros no.
En este libro el m&#xE9;dico pat&#xF3;logo y genetista Jorge Dotto explica c&#xF3;mo conociendo nuestra composici&#xF3;n interna, podemos tomar decisiones diarias que tendr&#xE1;n una influencia positiva en nuestros genes, con el fin de permitirnos vivir m&#xE1;s y mejor.</subfield>
  </datafield>
  <datafield tag="590" ind1=" " ind2=" ">
    <subfield code="a">DONACION DR. Andres Gallardo Mayo 2018</subfield>
  </datafield>
  <datafield tag="655" ind1=" " ind2=" ">
    <subfield code="a">Literatura cient&#xED;fica</subfield>
    <subfield code="9">4182</subfield>
  </datafield>
  <datafield tag="942" ind1=" " ind2=" ">
    <subfield code="2">ddc</subfield>
    <subfield code="c">LIT</subfield>
  </datafield>
  <datafield tag="999" ind1=" " ind2=" ">
    <subfield code="c">3148</subfield>
    <subfield code="d">3148</subfield>
  </datafield>
  <datafield tag="952" ind1=" " ind2=" ">
    <subfield code="0">0</subfield>
    <subfield code="1">0</subfield>
    <subfield code="2">ddc</subfield>
    <subfield code="4">0</subfield>
    <subfield code="7">0</subfield>
    <subfield code="a">BFM</subfield>
    <subfield code="b">BFM</subfield>
    <subfield code="c">CR</subfield>
    <subfield code="d">2022-12-06</subfield>
    <subfield code="e">Donaci&#xF3;n Aguila, Celeste. Diciembre 2022.</subfield>
    <subfield code="l">1</subfield>
    <subfield code="o">808 17 DOT</subfield>
    <subfield code="p">4804</subfield>
    <subfield code="r">2023-03-27</subfield>
    <subfield code="s">2022-12-06</subfield>
    <subfield code="t">Ej. 1</subfield>
    <subfield code="w">2022-12-06</subfield>
    <subfield code="y">LIT</subfield>
    <subfield code="z">Donaci&#xF3;n Aguila, Celeste. Diciembre 2022.</subfield>
    <subfield code="f"></subfield>
  </datafield>
</record>
